| 000 | 00475nam a2200169Ia 4500 | ||
|---|---|---|---|
| 005 | 20250423100325.0 | ||
| 008 | 250422s9999 xx 000 0 und d | ||
| 020 | _a093389564-x | ||
| 050 | _aPE 1628 .N49/ | ||
| 245 | 0 | _aNew Webster's Dictionary and Roget's Thesaurus. | |
| 260 | _aNew York, N.Y. | ||
| 260 | _bBook Essentials | ||
| 260 | _c1992 | ||
| 300 | _a1024 p | ||
| 650 | _aEnglish language--Dictionaries. English language--Synonyms and antonyms. | ||
| 942 | _cBK | ||
| 999 |
_c32956 _d32956 |
||